00282nam a2200109Ia 4500008004100000100001700041245004600058250000800104260004400112300000800156650000800164191201s2009 xx 000 0 und d aAKHILESH, KB 0aMathematics and Statistics for Management a2nd aN. DelhibVikas Publication Housec2009 a890 aMBA